Seegesetze in den Kodexen des Lübischen Rechts der Stadt Tallinn-Reval

Titel: Seegesetze in den Kodexen des Lübischen Rechts der Stadt Tallinn-Reval : (1257, 1282, 1586) / Leo Laur
Verfasser:
Veröffentlicht: Tallinn : Eesti Juristide Liit, [ca.1992]
Umfang: 39 S. : Ill.
Format: Buch
Sprache: Deutsch
Kein Bild verfügbar
X
Lokale Klassifikation: 47 8 R 501 ; 47 12 E ; 47 12 F
alg: 2289326
001A    $03004:15-12-92 
001B    $01999:28-04-23 $t20:19:25.000 
001C    $03004:15-02-10 $t15:04:42.000 
001D    $09999:99-99-99 
001U    $0utf8 
001X    $00 
002@    $0Aau 
003@    $0022893261 
007A    $0022893261 $aHEB 
007T    $0Herde05651 
010@    $ager 
011@    $a1992 $n[ca.1992] 
013H    $0z 
015@    $0Z 
021A    $aSeegesetze in den Kodexen des Lübischen Rechts der Stadt Tallinn-Reval $d(1257, 1282, 1586) $hLeo Laur 
028A    $7 $8Laur, Leo [Tnd] $9148727999 
033A    $pTallinn $nEesti Juristide Liit 
034D    $a39 S. 
034M    $aIll. 
045E    $a19 $a41 
045F    $a340.09 $eDDC23BSB 
045F/01 $a340.09 
045F/03 $f0902 
045F/03 $f0903 
045F/03 $f09041 
045F/03 $g4798 

lok: 2289326 24
101B    $010-11-06 $t10:51:15.000 
145Z/01 $a47 8 R 501 
145Z/02 $a47 12 E 
145Z/03 $a47 12 F 
101U    $0utf8 

exp: 2289326 24 1 #EPN
201B/01 $010-11-06 $t10:51:15.000 
203@/01 $0086321072 
208@/01 $a15-12-92 $bh 
209A/01 $a47 VIII R 501 $du $f050 $h47 8 R 501 $x00 
209C/01 $aK 92.2867 $h92 2867 K 
209G/01 $a71596516 $x00 
247C/01 $8358050-7 Marburg, Bibliothek des Herder-Instituts Marburg $9102600961 
201U/01 $0utf8 

lok: 2289326 78

exp: 2289326 78 1 #EPN
201B/01 $021-11-17 $t23:07:21.000 
201U/01 $0utf8 
203@/01 $0792019296 
208@/01 $a12-11-16 $be 
209A/01 $a/ $f000 $x00 
220C/01 $aTitelaufnehmer: pk 
220C/01 $aHerkunft: Baltische Bibliographie / P. Kaegbein 
244Z/01 $2Trx $#Estija $#Igaunija $#Estland $#Estonia $#Estonia $#Estónsko $#Estonsko $8--Trx--Eesti $x01 $9391237225 
244Z/01 $#Tallinn $#Tallin $#Reval $#Reval Tallinn $75093293-7 $8--Tg1--Tallinn $x02 $9045056455 
244Z/01 $aGeschichte 1257-1586 $x03 
244Z/01 $2Trx $#mereseadus $#jūrų teisė $#Maritime law $#tengeri jog $#prawo morskie $#právo morské $#právo námořní $8--Trx--Seerecht $x04 $9391360612 
244Z/01 $2Trx $#linnaõigus $#miestų teisė $#city law $#városjog $#prawa miejskie $#právo mestské $#právo městské $8--Trx--Stadtrecht $x05 $9391355015 
244Z/01 $2Trx $#seadus, Lüübek $#teisė, Liubeko $#Law of Lübeck $#jog, lübecki $#prawo lubeckie $#právo lübecké $#právo lübecké $8--Trx--Recht, Lübisches $x06 $9391357034 
244Z/01 $2Trx $8--Trx--Monographie $x07 $9391384546 
245Z/01 $a13.03 $x01 
245Z/01 $a07.02 $x02 
247C/01 $82080>Marburg/Lahn, Herder-Institut, Forschungsbibliothek, Bibliographieportal $9336309341
LEADER 00000cam a2200000 c 4500
001 022893261
003 DE-603
005 20230428201925.0
007 tu
008 921215s1992 xx |||| | u00||u|ger c
035 |a (DE-599)HEB022893261 
040 |a DE-603  |b ger  |c DE-603  |d DE-603 
041 |a ger 
082 0 4 |8 1\u  |a 340.09  |q DE-101  |2 23/BSB 
084 |a 19  |a 41  |q DE-101  |2 sdnb 
085 |8 1\u  |b 340.09 
085 |8 1\u  |z 1  |s 0902 
085 |8 1\u  |z 1  |s 0903 
085 |8 1\u  |z 1  |s 09041 
085 |8 1\u  |z 2  |s 4798 
100 1 |a Laur, Leo  |0 (DE-603)148727999 
245 0 0 |a Seegesetze in den Kodexen des Lübischen Rechts der Stadt Tallinn-Reval  |b (1257, 1282, 1586)  |c Leo Laur 
264 1 |a Tallinn  |b Eesti Juristide Liit  |c [ca.1992] 
300 |a 39 S.  |b Ill. 
924 0 |9 Mb 50  |a (DE-603)086321072  |b DE-Mb50  |c HES  |d c  |g 47 VIII R 501 
924 0 |9 2080  |a (DE-603)792019296  |b DE-2080  |c HES  |d d  |g /